Statistics for Portugal Euro 2012 Squad

Click here to take the quiz!

General Stats

  • This quiz has been taken 724 times
    (513 since last reset)
  • The average score is 13 of 23

Answer Stats

ClubPositionAnswer% Correct
Real MadridSTCristiano Ronaldo
98%
Real MadridDFPepe
92%
Manchester UnitedMDNani
89%
Real MadridDFFabio Coentrao
82%
SportingGKRui Patricio
80%
ZenitDFBruno Alves
73%
Real ZaragozaSTHelder Postiga
69%
BesiktasMDRicardo Quaresma
69%
PortoMDJoao Moutinho
67%
ChelseaMDRaul Meireles
66%
BesiktasSTHugo Almeida
63%
GenoaMDMiguel Veloso
59%
PortoGKBeto
58%
BenficaGKEduardo
52%
ValenciaDFJoao Pereira
51%
ValenciaDFRicardo Costa
50%
PortoSTSilvestre Varela
49%
PortoDFRolando
38%
BragaMDCustodio
33%
BenifcaSTNelson Oliveira
31%
BragaMDHugo Viana
27%
Atletico MadridMDRuben Micael
25%
PortoDFMiguel Lopes
10%

Score Distribution

Percentile by Number Answered

Percent of People with Each Score

Your Score History

You have not taken this quiz since the last reset